书目信息 |
| 题名: |
英汉建筑图解词典
|
|
| 作者: | 伯登 著 ;褚智勇 , 罗奇 , 张冷娟 译 | |
| 分册: | ||
| 出版信息: | 北京 中国电力出版社 2007.09 |
|
| 页数: | 541页 | |
| 开本: | 26cm | |
| 丛书名: | ||
| 单 册: | ||
| 中图分类: | TU-61 | |
| 科图分类: | ||
| 主题词: | 建筑学--jian zhu xue--英语--汉语--词典 | |
| 电子资源: | ||
| ISBN: | 978-7-5083-5692-1 | |
| 000 | 01171nam0 2200313 450 | |
| 001 | 012007268735 | |
| 005 | 20071229140154.34 | |
| 010 | @a978-7-5083-5692-1@dCNY68.00 | |
| 100 | @a20071228d2007 km y0chiy0120 ea | |
| 101 | 2 | @achi@aeng@ceng |
| 102 | @aCN@b110000 | |
| 105 | @aa e 001yy | |
| 106 | @ar | |
| 200 | 1 | @a英汉建筑图解词典@Aying han jian zhu tu jie ci dian@f(美) 欧内斯特·伯登 (Ernest Burden) 著@F(mei)ou nei si te·bo deng(Ernest Burden)zhu@g褚智勇 ... [等] 译@Gzhu zhi yong...[deng]yi |
| 210 | @a北京@c中国电力出版社@d2007.09 | |
| 215 | @a541页@c图@d26cm | |
| 304 | @a题名页题 : 褚智勇, 罗奇, 张冷娟, 王丹丹译 | |
| 312 | @a英文并列题名取自封面 | |
| 320 | @a有索引 | |
| 330 | @a本书不仅包括建筑设计和建造过程等方面,也包括当今建筑实践中的建筑革新和重建修复的相关内容。 | |
| 510 | 1 | @aIllustrated dictionary of architecture@zeng |
| 606 | 0 | @a建筑学@Ajian zhu xue@x英语@x汉语@j词典 |
| 690 | @aTU-61@v4 | |
| 701 | 1 | @a伯登@Abo deng@g(Burden, Ernest)@4著 |
| 702 | 0 | @a褚智勇@Azhu zhi yong@4译 |
| 702 | 0 | @a罗奇@Aluo qi@4译 |
| 702 | 0 | @a张冷娟@Azhang leng juan@4译 |
| 801 | 0 | @aCN@bQSSK@c20071229 |
| 905 | @b274115-17@dTU-61@eB911@f3 | |
| 英汉建筑图解词典/(美) 欧内斯特·伯登 (Ernest Burden) 著/褚智勇 ... [等] 译.-北京:中国电力出版社,2007.09 |
| 541页:图;26cm |
| ISBN 978-7-5083-5692-1:CNY68.00 |
| 本书不仅包括建筑设计和建造过程等方面,也包括当今建筑实践中的建筑革新和重建修复的相关内容。 |
| ● |
| 相关链接 |
|
|
|
正题名:英汉建筑图解词典
索取号:TU-61/B911
 
预约/预借
| 序号 | 登录号 | 条形码 | 馆藏地/架位号 | 状态 | 备注 |
| 1 | 274115 | 202741159 | 建筑库101/101建筑库 14排1列2层/ [索取号:TU-61/B911] | 在馆 | |
| 2 | 274116 | 202741168 | 建筑库101/101建筑库 14排1列2层/ [索取号:TU-61/B911] | 在馆 | |
| 3 | 274117 | 202741177 | 建筑库101/101建筑库 14排1列2层/ [索取号:TU-61/B911] | 在馆 |